| 000 | 01301nam a2200325 a 4500 | ||
|---|---|---|---|
| 001 | 000015837 | ||
| 003 | DO-SdBNP | ||
| 005 | 20250206140850.0 | ||
| 007 | ta | ||
| 008 | 100219s2008 dr r 000 0 spa d | ||
| 040 |
_aDO-SdBNP _bspa _cBNPHU _erda |
||
| 082 | 1 |
_a342 _bA516n, 2008 _222 |
|
| 100 | 1 |
_aAmiama, Manuel A., _d1899-1991 _eautor _4aut. _98438 |
|
| 245 | 1 | 0 |
_aNotas de derecho constitucional / _cManuel A. Amiama ; edición revisada, actualizada, ampliada y anotada, Raymundo Amaro Guzmán ; presentación, Ramón Ventura Camejo. |
| 250 | _aseptima edición revisada | ||
| 264 | 1 |
_aSanto Domingo : _bSecretaría de Estado de Cultura, _c2008. |
|
| 300 |
_a407 páginas ; _c22 cm. |
||
| 336 |
_atexto _btxt _2rdacontent |
||
| 337 |
_asin mediación _bn _2rdamedia |
||
| 338 |
_avolumen _bnc _2rdacarrier |
||
| 500 | _aIncluye referencias bibliográficas y notas al pie de las páginas | ||
| 504 | _aBibliografía : páginas 401-407 | ||
| 590 | _aInventariado, 2018/BT | ||
| 650 | 4 |
_aDerecho constitucional _910314 |
|
| 700 | 1 |
_aAmaro Guzmán, Raymundo _eedición _4ed. _9656 |
|
| 700 | 1 |
_aVentura Camejo, Ramón, _epresentación _926937 |
|
| 710 | 1 |
_aRepública Dominicana. _bSecretaría de Estado de Cultura. _96453 |
|
| 910 | _aValidado. Control de calidad. MMOLINA | ||
| 942 |
_2ddc _cLBS1 |
||
| 999 |
_c15381 _d15381 |
||